[Event "Olympiad-39"]
[Site "Khanty-Mansiysk"]
[Date "2010.10.01"]
[Round "10.1"]
[White "Gruenfeld, Yehuda"]
[Black "Machin Rivera, Mark"]
[Result "1-0"]
[WhiteElo "2464"]
[BlackElo "2229"]
[PlyCount "89"]
[EventDate "2010.09.21"]
[EventType "team-swiss"]
[EventRounds "11"]
[EventCountry "RUS"]
[SourceTitle "CBM 139"]
[Source "ChessBase"]
[SourceDate "2010.11.18"]
[SourceVersion "1"]
[SourceVersionDate "2010.11.18"]
[SourceQuality "1"]
[WhiteTeam "ISCA"]
[BlackTeam "Puerto Rico"]
[BlackTeamCountry "PUR"]

1. e4 g6 2. d4 Bg7 3. Nc3 d6 4. Be3 a6 5. Nf3 b5 6. Bd3 Nd7 7. a4 b4 8. Ne2 c5 9. c3 bxc3 10. bxc3 Qa5 11. 0-0 Bb7 12. Rb1 Qc7 13. Ng3 Ngf6 14. e5 Nd5 15. exd6 exd6 16. Qd2 0-0 17. Bh6 Rab8 18. Nf5 Bf6 19. Bxf8 Nxf8 20. Nh6+ Kh8 21. Be4 Ne6 22. Bxd5 Bxd5 23. Rxb8+ Qxb8 24. Nxf7+ Kg7 25. N7g5 Nxg5 26. Nxg5 h6 27. Nf3 Qb3 28. Qe3 Bxf3 29. Qxf3 cxd4 30. cxd4 Qxf3 31. gxf3 Bxd4 32. f4 Kf6 33. Rd1 Bc5 34. Kg2 a5 35. Kf3 Ke6 36. Rg1 Kf5 37. Rb1 Bb4 38. Rd1 Bc5 39. Rd5+ Ke6 40. Ke4 Kf6 41. f3 Bb4 42. f5 g5 43. Rb5 Bd2 44. Rb6 Bf4 45. h3 1-0